| 000 | 00799nam a22002777a 4500 | ||
|---|---|---|---|
| 003 | UA-OsUOA | ||
| 001 | 28952 | ||
| 007 | ta | ||
| 008 | 20050518b un ||||| |||| 00| 0 ukr d | ||
| 100 | _aАйзин С. М. | ||
| 700 | _aТихомиров М. Ю. | ||
| 090 |
_a340.143(470) _bЮ70 |
||
| 942 | _cBK | ||
| 040 |
_aUA-OsUOA _brus _cUA-OsUOA _dUA-OsUOA |
||
| 245 | _aЮридическая служба на предприятии: настольная книга юристконсульта | ||
| 300 | _a685 с. | ||
| 955 | _a2 | ||
| 041 | _arus | ||
| 080 | _a340.143(470) | ||
| 020 | _a5-89194-138-4 | ||
| 260 |
_aМ. _bИздание Тихомирова М. Ю. _c2004 |
||
| 044 | _aRU | ||
| 250 | _n3-е изд., доп. и перераб. | ||
| 650 | 7 | _2UDC | |
| 999 |
_c315328 _d315328 |
||